مكتبة جامعة عجلون الوطنية

فهرس بحث المكتبة

امكانية توظيف اساليب التمويل الاسلاميه في اعادة اعمار ليبيا (دراسه ميدانيه) : The possibility of applying the islamic financing techiques in reconstruction of libya (Record no. 29696)

MARC details
000 -LEADER
fixed length control field 01256nam a2200241Ii 4500
003 - CONTROL NUMBER IDENTIFIER
control field JO-AjNU
005 - DATE AND TIME OF LATEST TRANSACTION
control field 20240624123601.0
008 - FIXED-LENGTH DATA ELEMENTS--GENERAL INFORMATION
fixed length control field 230605s9999||||xx |||||||||||||| ||und||
040 ## - CATALOGING SOURCE
Original cataloging agency JO-AjNU
Language of cataloging ara
Description conventions rda
Transcribing agency JO-AjNU
041 ## - LANGUAGE CODE
Language code of text/sound track or separate title ara
050 14 - LIBRARY OF CONGRESS CALL NUMBER
Classification number BP173.755 2018
100 #1 - MAIN ENTRY--PERSONAL NAME
Personal name محمد، مبروكة بكار
Relator term معد
9 (RLIN) 65550
245 00 - TITLE STATEMENT
Title امكانية توظيف اساليب التمويل الاسلاميه في اعادة اعمار ليبيا (دراسه ميدانيه) : The possibility of applying the islamic financing techiques in reconstruction of libya
Statement of responsibility, etc. اعداد مبروكة بكار محمد ؛ إشراف محمود سليم الشويات
260 ## - PUBLICATION, DISTRIBUTION, ETC.
Date of publication, distribution, etc. 2018
300 ## - PHYSICAL DESCRIPTION
Extent 151ورقة
336 ## - CONTENT TYPE
Content type term text
Content type code txt
Source rdacontent
337 ## - MEDIA TYPE
Media type term unmediated
Media type code n
Source rdamedia
338 ## - CARRIER TYPE
Carrier type term volume
Carrier type code nc
Source rdacarrier
500 ## - GENERAL NOTE
General note رساله جامعيه (ماجستير في المصارف الاسلاميه) - جامعة عجلون الوطنيه (عجلون ، الاردن) ، كلية ادارة الاعمال ، قسم المصارف الاسلاميه ، 2018
650 #4 - SUBJECT ADDED ENTRY--TOPICAL TERM
Topical term or geographic name entry element التمويل الاسلامي-اعادة اعمار ليبيا
9 (RLIN) 58210
700 #1 - ADDED ENTRY--PERSONAL NAME
Personal name الشويات، محمود سليم
9 (RLIN) 65537
Relator term مشرف
942 ## - ADDED ENTRY ELEMENTS (KOHA)
Source of classification or shelving scheme Library of Congress Classification
Koha item type Thesis
Holdings
Withdrawn status Lost status Source of classification or shelving scheme Damaged status Not for loan Home library Current library Shelving location Date acquired Total Checkouts Full call number Barcode Date last seen Price effective from Koha item type
    Library of Congress Classification     مكتبة جامعة عجلون الوطنية مكتبة جامعة عجلون الوطنية المراجع 24/06/2024   BP173.755 2018 A26128 06/06/2023 24/06/2024 Thesis
    Library of Congress Classification     مكتبة جامعة عجلون الوطنية مكتبة جامعة عجلون الوطنية المراجع 24/06/2024   BP173.755 2018 a26129 24/06/2024 24/06/2024 Thesis